Ładuje się......
The new industrial state
| 1. autor: | |
|---|---|
| Format: | Printed Book |
| Wydane: |
London, Hamish Hamilton
1967
|
| Hasła przedmiotowe: |
| LEADER | 005750000a22002170004500 | ||
|---|---|---|---|
| 022 | |a 31-05-2004 | ||
| 041 | |a English | ||
| 082 | |a 338 K7 | ||
| 100 | |a Galbraith, John Kenneth | ||
| 245 | |a The new industrial state | ||
| 260 | |a London, Hamish Hamilton | ||
| 260 | |c 1967 | ||
| 465 | |a R 12 | ||
| 650 | |a Capital | ||
| 650 | |a Economics | ||
| 650 | |a Employment | ||
| 650 | |a Industry | ||
| 650 | |a United States | ||
| 942 | |c BK | ||
| 999 | |c 142320 |d 142316 | ||
| 952 | |0 0 |1 0 |4 0 |6 338_000000000000000_K7 |7 0 |9 141107 |a SCC |b SCC |d 2017-10-11 |l 0 |o 338 K7 |p SCC00229 |r 2017-10-11 |w 2017-10-11 |y BK | ||